000
00307nam a22001217a 4500
008
180425b xxu||||| |||| 00| 0 eng d
041
_a
eng
080
_a
043.3
100
_a
0
101
_a
MBE-BTH
245
_a
Ndikimi i marketingut digjital në sektorin privat të Kosovës
_c
Kabashi,K
942
_2
udc
_c
BK
999
_c
45493
_d
45493